Introduction to financial accounting (Record no. 25917)

MARC details
000 -LEADER
fixed length control field 00476nam a2200181Ia 4500
008 - FIXED-LENGTH DATA ELEMENTS--GENERAL INFORMATION
fixed length control field 230917s9999||||xx |||||||||||||| ||und||
020 ## - ISBN
Price RS375
040 ## - CATALOGING SOURCE
-- 245697
Original cataloging agency VIVEKANANDA LIBRARY
041 ## - Language
-- English
082 ## - DDC NUMBER
Classification number 657.48 M478I(10)
100 ## - MAIN ENTRY--PERSONAL NAME
Personal name Monga, J R
245 #0 - TITLE STATEMENT
Title Introduction to financial accounting
250 ## - EDITION STATEMENT
Edition statement 10th ed.
260 ## - PUBLICATION, DISTRIBUTION, ETC. (IMPRINT)
Place of publication, distribution, etc New Delhi
Name of publisher, distributor, etc MKM Publishers
Date of publication, distribution, etc 2017
300 ## - PHYSICAL DESCRIPTION
Pages v. p.
500 ## - GENERAL NOTE
General note 3037 05/02/2018 HBD18/7364 16/03/2018 Main Budget
942 ## - ADDED ENTRY ELEMENTS (KOHA)
Koha item type Books
Holdings
Withdrawn status Lost status Damaged status Not for loan Location (home branch) Sublocation or collection (holding branch) Date acquired Koha issues (times borrowed) Koha full call number Accession No. Koha date last seen Koha item type
        VIVEKANANDA LIBRARY VIVEKANANDA LIBRARY 03/04/2018 1 657.48 M478I(10) 372861 18/04/2024 Books
        VIVEKANANDA LIBRARY VIVEKANANDA LIBRARY 03/04/2018   657.48 M478I(10) 372862 17/09/2023 Books
        VIVEKANANDA LIBRARY VIVEKANANDA LIBRARY 03/04/2018   657.48 M478I(10) 372863 17/09/2023 Books
        VIVEKANANDA LIBRARY VIVEKANANDA LIBRARY 03/04/2018 1 657.48 M478I(10) 372864 24/09/2025 Books
© Designed and Maintained by Vivekananda Library, MDU Rohtak